| 000 | 00288 a2200097 4500 | ||
|---|---|---|---|
| 001 | 29724 | ||
| 100 | _aHayt | ||
| 245 | _aAmerican National Standard IEEE Standard practices and requirements for Thyristor converters for motor drives | ||
| 260 |
_a _bI E E E _c1974 |
||
| 090 |
_c19743 _d19743 |
||
| 942 |
_aNUST-CAE _cM _c10828 |
||
| 999 |
_c264797 _d264797 |
||